000 01355cab a2200265 4500
001 ##L133487
008 060512n2006 000 0 eng u
035 _a(Sirsi) u133487
041 0 _aeng
100 1 _aHarvey, Tom
245 0 0 _aTougher regulations drive down carbon emissions
260 _c2006
490 0 _aFacilities Management
_v13(8) May 2006, 18-19(2)
520 _aCommunicates the latest requirements for sustainable buildings set out in the newly revised Part L of the Building Regulations, which deals with the conservation of energy in buildings, and mentions associated legislation. Behind the changes lie the demands of the EU energy performance of buildings directive and the UK government drive to reduce carbon emissions. Promotes BRE's newly revised environmental assessment method.
590 _aIKA230506, KA
650 2 4 _aDIRECTIVE 2002/91/EC
650 2 4 _aBREEAM
650 2 4 _aBUILDING REGULATIONS 2000 APPROVED DOCUMENT L1A (2006 EDITION)
650 2 4 _aBUILDING REGULATIONS 2000 APPROVED DOCUMENT L1B (2006 EDITION)
650 2 4 _aBUILDING REGULATIONS 2000 APPROVED DOCUMENT L2A (2006 EDITION)
650 2 4 _aBUILDING REGULATIONS 2000 APPROVED DOCUMENT L2B (2006 EDITION)
651 4 _aEngland and Wales
_y1543-
690 _aENVIRONMENTAL AND LAND CONSULTANCY-ENERGY-ENERGY USE-ENERGY EFFICIENCY
942 _n0
999 _c77035
_d77035